Noise control in internal combustion engines /

Bibliographic Details
Other Authors: Baxa, Donald E., 1947-
Format: Book
Language:English
Published: New York : Wiley, [1982]
Subjects:

MARC

Tag First Indicator Second Indicator Subfields
LEADER 00000pam a2200000 a 4500
001 in00000081292
005 20151008061020.0
008 810908s1982 nyua b 00100 eng
010 |a  81014735  
020 |a 047105870X 
035 |a (OCoLC)07812613 
035 |9 AAJ7112AM 
039 0 |a 2  |b 3  |c 3  |d 3  |e 3 
040 |a DLC  |c DLC  |d TXA  |d UtOrBLW 
049 |a TXAM  |c [1443039] 
050 0 0 |a TJ759  |b .N64 1982 
082 0 |a 621.43  |2 19 
245 0 0 |a Noise control in internal combustion engines /  |c edited by Donald E. Baxa. 
264 1 |a New York :  |b Wiley,  |c [1982] 
264 4 |c ©1982 
300 |a xi, 511 pages :  |b illustrations ;  |c 24 cm. 
336 |a text  |b txt  |2 rdacontent 
337 |a unmediated  |b n  |2 rdamedia 
338 |a volume  |b nc  |2 rdacarrier 
500 |a "A Wiley-Interscience publication." 
504 |a Includes bibliographical references and index. 
650 0 |a Internal combustion engines  |x Noise. 
700 1 |a Baxa, Donald E.,  |d 1947- 
999 |a MARS 
999 f f |s 45d0378c-581f-388f-aebc-9e612a194cf6  |i 4c640e7c-86ae-31b1-a438-3d15e203fca1  |t 0 
952 f f |p ric  |a Texas A&M University  |b Rellis Campus  |c Joint Library Facility  |d Remote Storage  |t 0  |e TJ759 .N64 1982  |h Library of Congress classification  |i unmediated -- volume  |m A14825200509 
998 f f |a TJ759 .N64 1982  |t 0  |l Remote Storage